000 01834nam a2200253Ia 4500
008 260220t1967||||xx |||||||||||||| ||spa||
040 _aPY-SlUNAC
_bspa
_erda
041 _aspa
082 _a681.76
_bG165e
100 _aGarcia, O.
_eAutor
245 0 _aEscalimetro portátil /
_cpor O. Garcia [Autor] y M. C. Kopp [Autor]
264 _aBuenos Aires :
_bComisión Nacional de Energía Atómica,
_c℗1967.
300 _a1 volumen
520 _aEl libro "Escalímetro portátil" de O. García, publicado en 1967 por la Comisión Nacional de Energía Atómica en Buenos Aires, presenta una herramienta innovadora diseñada para facilitar la medición precisa de escalas en diversos contextos científicos y técnicos. A lo largo de la obra, el autor aborda la importancia de contar con instrumentos precisos en la investigación y la aplicación de la energía atómica, destacando el escalímetro como un recurso indispensable para profesionales en el campo de la física y la ingeniería. García detalla las características técnicas del dispositivo, su funcionamiento y las ventajas que ofrece en comparación con métodos de medición tradicionales. Además, se discuten diferentes aplicaciones prácticas del escalímetro en laboratorios y entornos industriales, subrayando su contribución a la mejora de la eficiencia y la exactitud en los procesos de medición. Este libro se erige como un referente en el ámbito de la instrumentación científica, promoviendo el avance tecnológico en la comunidad académica y profesional.
653 _aEnergía
653 _aFísica
653 _aInstrumentos de medición
700 _aKopp, M. C.
_eAutor
942 _b2026/02/17
_cBK
999 _c8842
_d8842